| 000 | 01975nam a22004097a 4500 | ||
|---|---|---|---|
| 003 | AUA.1 | ||
| 005 | 20250408083457.0 | ||
| 008 | 250408b |||||||| |||| 00| 0 eng d | ||
| 020 | _a9783906309774 | ||
| 040 | _cAUA-EGW | ||
| 050 |
_aBX6134.9.F7 _bW3 2024 |
||
| 100 |
_aKarl Waber _eAuthor |
||
| 245 |
_aHighlights from the History of Seventh-day Adventists in Switzerland _bfrom the beginnings in 1865 to 1901 _cKarl Waber |
||
| 247 | _aStreiflichter aus der Geschichte der Siebenten-Tags-Adventisten in der Schweiz | ||
| 250 | _aSpecial edition for the 150th anniversary of J. N. Andrews' mission in Europe 1847 - 2024 | ||
| 260 |
_aSchweiz _bAdvent-Verlag _c2024 |
||
| 300 |
_a264p. _bill. _c21cm |
||
| 500 | _aA translation of the original Streiflichter aus der Geschichte der Siebenten-Tags-Adventisten in der Schweiz | ||
| 501 | _aSpecial edition for the 150th anniversary of of J. N. Andrews' mission in Europe 1874 - 2024 | ||
| 505 | _aFrom Franciscan friar to Adventist preacher | ||
| 505 | _aA student of St. Chrischona Pilgrim Mission becomes a preacher of the adventist movement | ||
| 505 | _aLife and work of John Nevins Andrews | ||
| 505 | _aThe Adventist Church of Azmoos, and what became of it's members | ||
| 505 | _aJohn Nevins Andrews' final years | ||
| 505 | _aConsolidation of the organization | ||
| 505 | _aThe time of E. G. White's stay in Europe | ||
| 505 | _aAdministrative expansion and spread of the Advent message | ||
| 505 | _aDifficulties with Sunday Laws | ||
| 505 | _aA Conference School in Pieterlen and a Health Institute in Basle | ||
| 505 | _aUnder the sign of reorganization | ||
| 505 | _aThe conference in Switzerland form 1874 - 1901 | ||
| 505 | _aSmall guide to historical places in Switzerland | ||
| 650 | _aAdventists | ||
| 650 |
_aAdventists _vHistory |
||
| 650 |
_aAdventists _vHistory _xHistory _y19th Century _zSwitzerland |
||
| 942 |
_2lcc _cBOOK _hBX6134.F7 _iW3 2024 |
||
| 999 |
_c25051 _d25051 |
||